00209nam a2200073Ia 4500008004100000082000800041100002400049245006200073240331s9999 xx 000 0 und d bSNA aFeminast review. ed 0aSnakes and ladders :breviewing feminism at century's end